Evans and another v Tompkins (Record no. 44200)

MARC details
000 -LEADER
fixed length control field 01440cab a2200217 4500
001 - CONTROL NUMBER
control field ABS49187
008 - FIXED-LENGTH DATA ELEMENTS--GENERAL INFORMATION
fixed length control field 090401t1993 xxu||||| |||| 00| 0 eng d
035 ## - SYSTEM CONTROL NUMBER
System control number (Sirsi) u70287
041 ## - LANGUAGE CODE
Language code of text/sound track or separate title eng
245 ## - TITLE STATEMENT
Title Evans and another v Tompkins
260 ## - PUBLICATION, DISTRIBUTION, ETC.
Date of publication, distribution, etc. 1993
350 ## - PRICE (NR) (BK AM CF MU VM SE) [OBSOLETE]
Price 0
490 ## - SERIES STATEMENT
Series statement Estates Gazette
Volume/sequential designation (1993) 33 EG 86-87(2)
520 ## - SUMMARY, ETC.
Summary, etc. CA 4 February 1993. By a written agreement the plaintiffs, the owners of some grazing land and a barn used in connection with it, allowed the defendants (Y) `to use the grass keep for cattle and some sheep and the use of the barn for keeping cattle and storing hay during winter months`. The agreement was for one year. Y appealed against a HC decision that he should deliver up possession of any land, on the principal ground that the tenancy agreement and surrounding circumstances conferred exclusive occupation on him, therefore he had an agreement protected by the Agricultural Holdings Act 1986. The appeal was dismissed on the grounds that it was for Y to show that the agreement created an agricultural tenancy. By its terms it did not confer exclusivity and other people had permission to graze animals at the same time.
650 ## - SUBJECT ADDED ENTRY--TOPICAL TERM
Topical term or geographic name entry element AGRICULTURAL HOLDINGS ACT 1986
650 ## - SUBJECT ADDED ENTRY--TOPICAL TERM
Topical term or geographic name entry element PROPERTY-LANDLORD AND TENANT-TENANCIES-AGRICULTURAL TENANCIES
650 ## - SUBJECT ADDED ENTRY--TOPICAL TERM
Topical term or geographic name entry element EXCLUSIVE OCCUPATION
690 ## - LOCAL SUBJECT ADDED ENTRY--TOPICAL TERM (OCLC, RLIN)
Topical term or geographic name as entry element LANDLORD AND TENANT-CASE LAW-AGRICULTURAL TENANCIES
942 ## - ADDED ENTRY ELEMENTS (KOHA)
Suppress in OPAC 0
948 ## - LOCAL PROCESSING INFORMATION (OCLC); SERIES PART DESIGNATOR (RLIN)
c (OCLC) 04/03/1997
Holdings
Withdrawn status Lost status Source of classification or shelving scheme Damaged status Not for loan Home library Current library Shelving location Date acquired Total Checkouts Full call number Barcode Date last seen Copy number Price effective from Koha item type
    Dewey Decimal Classification     London London Journal article 14/09/1999   ABS49187 70287-1001 06/08/2019 1 06/08/2019 Law report